| 000 | 01075nam a2200277 a 4500 | ||
|---|---|---|---|
| 001 | BRCA_4394 | ||
| 005 | 20190320204644.0 | ||
| 008 | 860626s1985 mx-a#####b---f000-0bspa-# | ||
| 020 | _a9688920061 | ||
| 041 | _aspa | ||
| 044 | _amx | ||
| 050 | 4 |
_aF1232.M6 _b.J67 1985 |
|
| 245 | 1 | 0 |
_aJosé Ma. Morelos y Pavón _batlas histórico biográfico. |
| 260 |
_aMéxico _bInstituto Nacional de Estadística, Geografía e Informática _c1985 |
||
| 300 |
_a125 p. _bil. (algunas a color) _c31 cm. |
||
| 500 | _aIncluye itinerario cronológico de las campañas de Morelos e índice de ilustraciones | ||
| 500 | _aColección Sonia Corcuera de Mancera | ||
| 504 | _aBibliografía: p. 120-121 | ||
| 600 | 1 | 4 |
_aMorelos y Pavón, José María _d1765-1815 _xLiderazgo militar _911163 |
| 650 | 1 | 4 |
_aRevolucionarios _vBiografía _zMéxico _94377 |
| 651 | 4 |
_aMéxico _xHistoria _yGuerra de Independencia, 1810-1821 _911164 |
|
| 651 | 4 |
_aMéxico _xHistoria _9614 |
|
| 710 | 2 |
_aInstituto Nacional de Estadística, Geografía e Informática (México) _911165 |
|
| 902 | _aDSC | ||
| 942 |
_2lcc _cB |
||
| 999 |
_c4105 _d4105 |
||